=LDR 00000nam 2200000 4500 =001 INLIS000000000017736 =005 20130612112944 =008 ***********************************Ind** =035 ##$$0010-061300000017736 =041 ##$$a Ind =082 ##$$a 2x0.000 4 =090 ##$$a 2x0.000 4, Lat p =100 ##$$a Lathif, Abdul Aziz Bin Muhammad Bin Ali Abdul =245 ##$$a Pemburu nikmat sesat, Abdul Aziz Bin Muhammad Ali Abdul Lathif ; penerjemah, Abu Umar Abdillah =260 ##$$a 19...?] $b Solo =300 ##$$a 88 hlm, 18 cm =650 ##$$a Agama Islam =700 ##$$a Abdillah, Abu Umar =850 ##$$a NBPNMAT